To The Brink and Back : (Record no. 138603)

MARC details
000 -LEADER
fixed length control field 00580nam a22001937a 4500
005 - DATE AND TIME OF LATEST TRANSACTION
control field 20170331125408.0
010 ## - LCCN (DPL NO)
LC control number ENG-117673
020 ## - INTERNATIONAL STANDARD BOOK NUMBER
International Standard Book Number 9788129137807
Terms of availability 395.00
035 ## - SYSTEM CONTROL NUMBER
System control number EN-101205
037 ## - SOURCE OF ACQUISITION
Source of stock number/acquisition DABD/PUB
082 ## - DEWEY DECIMAL CLASSIFICATION NUMBER
Classification number 338.954
100 ## - MAIN ENTRY--PERSONAL NAME
Personal name Jairam Ramesh
245 ## - TITLE STATEMENT
Title To The Brink and Back :
Statement of responsibility, etc by Jairam Ramesh
Remainder of title India's 1991 Story /
260 ## - PUBLICATION, DISTRIBUTION, ETC. (IMPRINT)
Place of publication, distribution, etc New Delhi
Name of publisher, distributor, etc Rupa Publications
Date of publication, distribution, etc 2016
270 ## - ADDRESS
Address 7/16,Ansari Road,Daryaganj
City New Delhi
Postal code 110002
300 ## - PHYSICAL DESCRIPTION
Extent x,216p.:
Dimensions 23cm(Hb)
Other physical details ill
500 ## - GENERAL NOTE
General note Includes index
942 ## - ADDED ENTRY ELEMENTS (KOHA)
Source of classification or shelving scheme Dewey Decimal Classification
Item type English Books
Classification part 338.954
Call number suffix JAI
Holdings
Withdrawn status Lost status Not for loan Collection code Home library Current library Date acquired Source of acquisition Cost, normal purchase price Full call number Barcode Copy number Cost, replacement price Koha item type
      Non-fiction Patel Nagar Patel Nagar 31/03/2017 DBAD/PUB 395.00 338.954 JAI EN-101205 1 395.00 English Books

© Delhi Public Library
Hit Counter
free hit counter